|
|
|
|
| LEADER |
01659nam a2200481 i 4500 |
| 001 |
nkc20213309646 |
| 003 |
CZ PrNK |
| 005 |
20210521081000.0 |
| 007 |
ta |
| 008 |
210302s2020 xr a e f 000 0 cze |
| 015 |
|
|
|a cnb003309646
|
| 020 |
|
|
|a 978-80-907933-1-6
|q (brožováno)
|
| 035 |
|
|
|a (OCoLC)1250249368
|
| 040 |
|
|
|a ABA001
|b cze
|e rda
|
| 072 |
|
7 |
|a 618
|x Gynekologie. Porodnictví
|2 Konspekt
|9 14
|
| 080 |
|
|
|a 618.19-006
|2 MRF
|
| 080 |
|
|
|a 616-08
|2 MRF
|
| 080 |
|
|
|a 617-089.168
|2 MRF
|
| 080 |
|
|
|a 616-06
|2 MRF
|
| 080 |
|
|
|a (036)
|2 MRF
|
| 100 |
1 |
|
|a Wald, Martin,
|d 1955-
|7 xx0107584
|4 aut
|
| 245 |
1 |
0 |
|a Diagnóza: nádor prsu :
|b stručný průvodce ženy s nádorovým onemocněním prsu.
|n Díl 2.,
|p A co potom? /
|c Martin Wald
|
| 246 |
3 |
0 |
|a A co potom?
|
| 250 |
|
|
|a 1. vydání
|
| 264 |
|
1 |
|a Praha :
|b ENLAB s.r.o.,
|c 2020
|
| 300 |
|
|
|a 58 stran :
|b barevné ilustrace ;
|c 21 cm
|
| 336 |
|
|
|a text
|b txt
|2 rdacontent
|
| 337 |
|
|
|a bez média
|b n
|2 rdamedia
|
| 338 |
|
|
|a svazek
|b nc
|2 rdacarrier
|
| 650 |
0 |
7 |
|a nádory prsu
|7 ph202588
|2 czenas
|
| 650 |
0 |
7 |
|a terapie
|7 ph116435
|2 czenas
|
| 650 |
0 |
7 |
|a pooperační péče
|7 ph166226
|2 czenas
|
| 650 |
0 |
7 |
|a komplikace (lékařství)
|7 ph134851
|2 czenas
|
| 650 |
0 |
9 |
|a breast tumors
|2 eczenas
|
| 650 |
0 |
9 |
|a therapy
|2 eczenas
|
| 650 |
0 |
9 |
|a postoperative care
|2 eczenas
|
| 650 |
0 |
9 |
|a complications of diseases
|2 eczenas
|
| 655 |
|
7 |
|a informační publikace
|7 fd132454
|2 czenas
|
| 655 |
|
9 |
|a information publications
|2 eczenas
|
| 910 |
2 |
|
|a BOA001
|b 2-1455.071,2
|
| 990 |
|
|
|a BK
|
| 995 |
|
|
|a 01
|
| 996 |
6 |
|
|b 2610866847
|c 2-1455.071,2
|l MZK
|r Sklad / do 1 hodiny
|n 1
|p p.v.
|w 001853412
|u 000010
|a 1
|e BOA001
|j MZK50
|s P
|